[Event "Winter CCCSA-IM 2020"]
[Site "Charlotte"]
[Date "2020.01.18"]
[Round "4.4"]
[White "Wheeler, Cameron"]
[Black "Eswaran, Ashritha"]
[Result "1-0"]
[WhiteElo "2383"]
[BlackElo "2252"]
[Annotator "TA"]
[PlyCount "111"]
[EventDate "2020.01.17"]
[EventType "tourn"]
[EventCountry "USA"]
[SourceTitle "playchess.com"]
[Source "ChessBase"]
[SourceQuality "1"]

{[%evp 18,111,29,29,64,84,83,70,93,65,89,83,83,91,95,100,83,93,101,102,98,109,146,102,116,85,93,93,83,66,121,66,70,78,77,36,33,15,78,58,61,46,93,91,91,99,96,96,106,100,100,104,232,238,253,61,89,65,86,16,216,209,98,92,137,120,140,120,144,39,39,39,39,39,39,39,43,31,269,260,730,761,610,600,279,209,891,850,29972,29974,29973,29973,29970,29973,29969,29970]} 1. Nf3 c5 2. e4 d6 3. d4 cxd4 4. Nxd4 Nf6 5. f3 Nc6 6. c4 g6 7. Be3 Bg7 8. Qd2 O-O 9. Nc3 Nxd4 10. Bxd4 Nd7 {B38: Sicilian: Maroczy Bind with 5...Bg7 and 7...0-0} (10... Be6 11. Be2 a5 12. O-O a4 13. Rac1 Qa5 14. Rc2 Rfc8 15. b3 axb3 16. axb3 Nd7 17. Be3 Qb4 18. Rb1 Nc5 19. Nb5 Qxd2 20. Rxd2 Bd7 21. Kf2 f5 22. exf5 Bxf5 23. Rh1 Nxb3 24. Rdd1 Ra2 25. c5 dxc5 26. g4 Be6 27. Rhe1 Bc4 {0-1 (27) Sargissian,G (2702)-Li,C (2751) Huaian 2016}) 11. O-O-O Bxd4 12. Qxd4 Ne5 $146 {White is slightly better.} ({Predecessor:} 12... Qa5 13. Nd5 Re8 14. Kb1 Ne5 15. Be2 Be6 16. g4 Bxd5 17. cxd5 {½-½ (57) Ercan,M (1854)-Karahan,A (1721) Sivas 2019}) 13. c5 Be6 14. cxd6 exd6 15. Qxd6 Qg5+ 16. Qd2 Qe7 17. Be2 Rac8 18. Kb1 Rfd8 19. Qe3 Bc4 20. Rxd8+ Rxd8 21. Rd1 ({But not} 21. Qxa7 $6 Bxe2 22. Nxe2 Rd2 $11) (21. f4 {keeps more tension.} Bxe2 22. Qxe2 Nd3 23. g3 Nc5 24. e5) 21... Bxe2 22. Qxe2 Rxd1+ 23. Qxd1 Qh4 (23... Qc5 $14) 24. h3 ({White should play} 24. Qg1 $1 $16) 24... Qf2 $14 25. Qe2 Qg1+ 26. Kc2 Nc6 27. Qd2 a5 (27... Nd4+ $11 28. Kd3 Ne6) 28. Nd1 Nb4+ 29. Kb1 Qf1 {[#]} 30. a3 $1 $36 {[%cal Ra3b4][%mdl 2048] White is really pushing.} Nc6 31. Ka2 a4 32. Ne3 Qb5 33. Qc3 Qe2 34. Ng4 h5 (34... Kf8 $16 35. Nf6 h5) 35. Nf6+ $18 Kf8 36. g4 $2 (36. Qc5+ $18 Kg7 37. Ne8+ Kg8 38. Qc3) 36... hxg4 37. hxg4 Qd1 $1 38. g5 (38. f4 $16) 38... Qb3+ $2 (38... Kg7 $11 {and Black stays safe.}) 39. Qxb3 axb3+ 40. Kxb3 {[%mdl 4096] Endgame KN-KN} Nd4+ 41. Kc4 Nxf3 42. Kc5 {Threatens to win with a4.} Nxg5 43. Kb6 (43. e5 $16) 43... Ke7 $14 44. e5 Nf3 45. Ng4 Ke6 46. Kxb7 Nxe5 47. a4 {[%cal Ba3a4,Ba4a5,Ba5a6][%mdl 32]} f5 $2 {[#]} ({Wrong is} 47... Nxg4 $2 48. a5 $18) (47... Nd3 $1 $14) 48. Nf2 $1 $18 {Strongly threatening a5.} ({Not} 48. Nxe5 Kxe5 49. a5 f4 $11) 48... Kd5 $2 (48... Nc4 49. Kc6 Na5+ 50. Kb5 Nb3) 49. a5 Nc4 50. a6 {a7 is the strong threat.} Nd6+ 51. Kc7 {Hoping for Nd1.} g5 $2 (51... f4 52. Ne4 Nb5+ 53. Kb6 Kc4) 52. Nd1 Nb5+ 53. Kb6 {White mates.} Nd6 54. Nc3+ Ke6 55. Kc7 Ne8+ 56. Kc6 {Accuracy: White = 68%, Black = 37%.} 1-0

[Event "Winter CCCSA-IM 2020"]
[Site "Charlotte"]
[Date "2020.01.18"]
[Round "4.5"]
[White "Liang, Jason"]
[Black "Uyanga, Byambaa"]
[Result "1-0"]
[WhiteElo "2353"]
[BlackElo "2113"]
[Annotator "RC"]
[PlyCount "101"]
[EventDate "2020.01.17"]
[EventType "tourn"]
[EventCountry "USA"]
[SourceTitle "playchess.com"]
[Source "ChessBase"]
[SourceQuality "1"]
[TimeControl "5400+30"]

1. e4 {[%emt 1:30:30]} c5 {[%emt 1:30:30]} 2. Nc3 {[%emt 0:00:30]} Nc6 {[%emt 0:00:30]} 3. Bb5 {[%emt 0:00:30]} Nd4 {[%emt 0:00:30]} 4. Bc4 {[%emt 0:00:30]} d6 {[%emt 0:00:30]} 5. Nge2 {[%emt 0:00:30]} Nf6 {[%emt 0:00:30]} 6. O-O {[%emt 0:00:30]} g6 {[%emt 0:00:30]} 7. d3 {[%emt 0:00:30]} Bg7 {[%emt 0:00:30]} 8. Nxd4 {[%emt 0:00:30]} cxd4 {[%emt 0:00:30]} 9. Ne2 {[%emt 0:00:30]} Nd7 {[%emt 0:00:30]} 10. Bg5 {[%emt 0:00:30]} h6 {[%emt 0:00:30]} 11. Bh4 {[%emt 0:00:30]} g5 {[%emt 0:00:30]} 12. Bg3 {[%emt 0:00:30]} e5 {[%emt 0:00:30]} 13. c3 {[%emt 0:00:30]} dxc3 {[%emt 0:00:30]} 14. Nxc3 {[%emt 0:00:30]} h5 {[%emt 0:00:30]} 15. f3 {[%emt 0:00:30]} Nb6 {[%emt 0:00:30]} 16. Bf2 {[%emt 0:00:30]} Nxc4 {[%emt 0:00:30]} 17. dxc4 {[%emt 0:00:30]} Be6 {[%emt 0:00:30]} 18. Qd3 {[%emt 0:00:30]} Rc8 {[%emt 0:00:30]} 19. b3 {[%emt 0:00:30]} a6 {[%emt 0:00:30]} 20. Rfd1 {[%emt 0:00:30]} Bf8 {[%emt 0:00:30]} 21. a4 {[%emt 0:00:30]} g4 {[%emt 0:00:30]} 22. Rf1 {[%emt 0:00:30]} Rg8 {[%emt 0:00:30]} 23. fxg4 {[%emt 0:00:30]} hxg4 {[%emt 0:00:30]} 24. Rad1 {[%emt 0:00:30]} Rh8 {[%emt 0:00:30]} 25. Kh1 {[%emt 0:00:30]} Qg5 {[%emt 0:00:30]} 26. Bg3 {[%emt 0:00:30]} Be7 {[%emt 0:00:30]} 27. Nd5 {[%emt 0:00:30]} Rc6 {[%emt 0:00:30]} 28. Ne3 {[%emt 0:00:30]} Rh5 {[%emt 0:00:30]} 29. Nf5 {[%emt 0:00:30]} Bxf5 {[%emt 0:00:30]} 30. Rxf5 {[%emt 0:00:30]} Qh6 {[%emt 0:00:30]} 31. Rxh5 {[%emt 0:00:30]} Qxh5 {[%emt 0:00:30]} 32. Rf1 {[%emt 0:00:30]} Bh4 {[%emt 0:00:30]} 33. Bxh4 {[%emt 0:00:30]} Qxh4 {[%emt 0:00:30]} 34. Qd5 {[%emt 0:00:30]} Qh7 {[%emt 0:00:30]} 35. Rf5 {[%emt 0:00:30]} Rb6 {[%emt 0:00:30]} 36. c5 {[%emt 0:00:30]} Rc6 {[%emt 0:00:30]} 37. b4 {[%emt 0:00:30]} g3 {[%emt 0:00:30]} 38. h3 {[%emt 0:00:30]} a5 {[%emt 0:00:30]} 39. Rf1 {[%emt 0:00:30]} Qg6 {[%emt 0:00:30]} 40. cxd6 {[%emt 0:00:30]} Rxd6 {[%emt 0:00:30]} 41. Qxe5+ {[%emt 0:00:30]} Kf8 {[%emt 0:00:30]} 42. Qxa5 {[%emt 0:00:30]} Qxe4 {[%emt 0:00:30]} 43. Qc7 {[%emt 0:00:30]} Qe7 {[%emt 0:00:30]} 44. Qc3 {[%emt 0:00:30]} Qg5 {[%emt 0:00:30]} 45. Qc8+ {[%emt 0:00:30]} Kg7 {[%emt 0:00:30]} 46. Qxb7 {[%emt 0:00:30]} Rf6 {[%emt 0:00:30]} 47. Rg1 {[%emt 0:00:30]} Rf2 {[%emt 0:00:30]} 48. Qe4 {[%emt 0:00:30]} f5 {[%emt 0:00:30]} 49. Qb7+ {[%emt 0:00:30]} Kg6 {[%emt 0:00:30]} 50. Re1 {[%emt 0:00:30]} Qe3 {[%emt 0:00:30]} 51. Qa6+ {[%emt 0:00:30]} 1-0

[Event "Winter CCCSA-IM 2020"]
[Site "Charlotte"]
[Date "2020.01.19"]
[Round "5.1"]
[White "Jacobson, Aaron"]
[Black "Berczes, David"]
[Result "1/2-1/2"]
[WhiteElo "2336"]
[BlackElo "2433"]
[Annotator "RC"]
[PlyCount "66"]
[EventDate "2020.01.17"]
[EventType "tourn"]
[EventCountry "USA"]
[SourceTitle "playchess.com"]
[Source "ChessBase"]
[SourceQuality "1"]
[TimeControl "5400+30"]

1. d4 {[%emt 1:30:30]} e6 {[%emt 1:30:30]} 2. Nf3 {[%emt 0:00:30]} Nf6 {[%emt 0:00:30]} 3. c4 {[%emt 0:00:30]} d5 {[%emt 0:00:30]} 4. Nc3 {[%emt 0:00:30]} dxc4 {[%emt 0:00:30]} 5. e4 {[%emt 0:00:30]} b5 {[%emt 0:00:30]} 6. e5 {[%emt 0:00:30]} Nd5 {[%emt 0:00:30]} 7. Nxb5 {[%emt 0:00:30]} Nb6 {[%emt 0:00:30]} 8. a4 {[%emt 0:00:30]} Ba6 {[%emt 0:00:30]} 9. Na3 {[%emt 0:00:30]} Bb4+ {[%emt 0:00:30]} 10. Bd2 {[%emt 0:00:30]} Bxd2+ {[%emt 0:00:30]} 11. Qxd2 {[%emt 0:00:30]} c3 {[%emt 0:00:30]} 12. Qxc3 {[%emt 0:00:30]} Bxf1 {[%emt 0:00:30]} 13. Kxf1 {[%emt 0:00:30]} O-O {[%emt 0:00:30]} 14. Nc4 {[%emt 0:00:30]} a5 {[%emt 0:00:30]} 15. Nxa5 {[%emt 0:00:30]} Qd5 {[%emt 0:00:30]} 16. b4 {[%emt 0:00:30]} Nxa4 {[%emt 0:00:30]} 17. Qd2 {[%emt 0:00:30]} Nc6 {[%emt 0:00:30]} 18. Nxc6 {[%emt 0:00:30]} Qxc6 {[%emt 0:00:30]} 19. h4 {[%emt 0:00:30]} Nc3 {[%emt 0:00:30]} 20. Re1 {[%emt 0:00:30]} Qc4+ {[%emt 0:00:30]} 21. Kg1 {[%emt 0:00:30]} Ra2 {[%emt 0:00:30]} 22. Qe3 {[%emt 0:00:30]} Nd5 {[%emt 0:00:30]} 23. Qe4 {[%emt 0:00:30]} Qc2 {[%emt 0:00:30]} 24. Qxc2 {[%emt 0:00:30]} Rxc2 {[%emt 0:00:30]} 25. Ra1 {[%emt 0:00:30]} Nxb4 {[%emt 0:00:30]} 26. h5 {[%emt 0:00:30]} h6 {[%emt 0:00:30]} 27. g3 {[%emt 0:00:30]} Nd5 {[%emt 0:00:30]} 28. Rh4 {[%emt 0:00:30]} Rb8 {[%emt 0:00:30]} 29. Re4 {[%emt 0:00:30]} Rbb2 {[%emt 0:00:30]} 30. Rf1 {[%emt 0:00:30]} Rb3 {[%emt 0:00:30]} 31. Nh4 {[%emt 0:00:30]} Ra2 {[%emt 0:00:30]} 32. Ree1 {[%emt 0:00:30]} Rbb2 {[%emt 0:00:30]} 33. Rb1 {[%emt 0:00:30]} Nc3 {[%emt 0:00:30]} 1/2-1/2

[Event "Winter CCCSA-IM 2020"]
[Site "Charlotte"]
[Date "2020.01.19"]
[Round "5.2"]
[White "Gauri, Shankar"]
[Black "Liang, Jason"]
[Result "1-0"]
[WhiteElo "2350"]
[BlackElo "2353"]
[Annotator "TA"]
[PlyCount "73"]
[EventDate "2020.01.17"]
[EventType "tourn"]
[EventCountry "USA"]
[SourceTitle "playchess.com"]
[Source "ChessBase"]
[SourceQuality "1"]

{[%evp 12,72,22,8,16,8,23,21,27,-20,-28,-41,-41,-37,-26,-38,-37,-37,-39,-111,-43,-93,0,0,0,0,-10,-20,56,0,71,54,295,281,283,270,242,258,223,162,158,161,1658,1537,1335,1208,2320,2271,29985,29986,29986,29987,29987,29988,29996,29997,29997,29998,29999,29997,29997,29998,29999]} 1. Nf3 Nf6 2. g3 d5 3. Bg2 e6 4. O-O Be7 5. d4 O-O 6. c4 dxc4 7. Qc2 b6 {E05: Open Catalan: 5 Nf3 Be7} (7... a6 8. a4 Bd7 9. Qxc4 Bc6 10. Bg5 Nbd7 11. Nc3 h6 12. Bxf6 Nxf6 13. Rfd1 Qd6 14. Qd3 Rfd8 15. e4 Qb4 16. Qc2 Rac8 17. Rd2 Qb6 18. Rad1 Bb4 19. Ne5 Be8 {0-1 (60) Le,Q (2713)-Aronian,L (2775) Moscow 2019}) 8. Bg5 Nd5 9. Bxe7 Qxe7 {The position is equal.} 10. Na3 {[#]} c3 $1 {[%mdl 512]} 11. e4 (11. bxc3 Qxa3) 11... cxb2 12. Qxb2 Nf6 13. Rfe1 Bb7 14. Ne5 Nbd7 15. f4 $146 (15. Nd3 $15) ({Predecessor:} 15. Nac4 Nxe5 16. Nxe5 {½-½ (35) Jurek,J (2273)-Leser,K (2006) Schwaebisch Gmuend 2019}) 15... c5 (15... Nxe5 $17 16. fxe5 Nd7) 16. d5 {[#]} exd5 ({Black should try} 16... Nxe5 $1 $17 17. fxe5 Nd7) 17. exd5 $11 Nxe5 ({But not} 17... Bxd5 $2 18. Nc6 $18) 18. d6 $1 $36 {[%cal Rd6e7][%mdl 2048] White fights for an advantage.} Qd7 19. fxe5 {Black must now prevent Bxb7.} Nd5 (19... Bxg2 $11 20. Qxg2 (20. exf6 $2 Bb7 $19) 20... Ng4) 20. Nc2 ({Better is} 20. Rad1 $14 Nb4 21. Bxb7 Qxb7 22. Nb5) 20... Rfe8 (20... b5 $11) 21. Rad1 $16 Nf4 $2 (21... Nb4 $1 $14) 22. Bxb7 $18 ({Not} 22. gxf4 Bxg2 23. Kxg2 Qg4+ 24. Kf2 Qxf4+ 25. Kg1 Qg4+ 26. Kh1 Qf3+ 27. Kg1 Qg4+ 28. Kh1 Qf3+ 29. Kg1 Qg4+ $11) 22... Nh3+ 23. Kg2 Qxb7+ 24. Kxh3 Re6 25. Qb3 {And now Rd5 would win.} Rh6+ 26. Kg4 Rxh2 $2 (26... Qg2) 27. d7 h5+ 28. Kg5 Qc7 29. e6 c4 30. exf7+ {White mates.} Kh7 31. Qe3 Qd8+ 32. Qe7 Qc7 33. Qe4+ {[%mdl 64] Double Attack} Kh8 34. Qxa8+ Kh7 35. f8=N+ Kg8 36. Ng6+ Kf7 37. Qf8# {Accuracy: White = 51%, Black = 33%.} 1-0

[Event "Winter CCCSA-IM 2020"]
[Site "Charlotte"]
[Date "2020.01.19"]
[Round "5.3"]
[White "Uyanga, Byambaa"]
[Black "Wheeler, Cameron"]
[Result "0-1"]
[WhiteElo "2113"]
[BlackElo "2383"]
[Annotator "RC"]
[PlyCount "72"]
[EventDate "2020.01.17"]
[EventType "tourn"]
[EventCountry "USA"]
[SourceTitle "playchess.com"]
[Source "ChessBase"]
[SourceQuality "1"]
[TimeControl "5400+30"]

1. e4 {[%emt 1:30:30]} e6 {[%emt 1:30:30]} 2. d4 d5 {[%emt 0:00:30]} 3. Nc3 {[%emt 0:01:00]} Bb4 {[%emt 0:00:30]} 4. e5 {[%emt 0:00:30]} c5 {[%emt 0:00:30]} 5. a3 {[%emt 0:00:30]} Bxc3+ {[%emt 0:00:30]} 6. bxc3 {[%emt 0:00:30]} Ne7 {[%emt 0:00:30]} 7. Qg4 {[%emt 0:00:30]} Qc7 {[%emt 0:00:30]} 8. Qxg7 {[%emt 0:00:30]} Rg8 {[%emt 0:00:30]} 9. Qxh7 {[%emt 0:00:30]} cxd4 {[%emt 0:00:30]} 10. Ne2 {[%emt 0:00:30]} Nbc6 {[%emt 0:00:30]} 11. f4 {[%emt 0:00:30]} dxc3 {[%emt 0:00:30]} 12. Qd3 {[%emt 0:00:30]} d4 {[%emt 0:00:30]} 13. Ng3 {[%emt 0:00:30]} Bd7 {[%emt 0:00:30]} 14. Rb1 {[%emt 0:00:30]} O-O-O {[%emt 0:00:30]} 15. Be2 {[%emt 0:00:30]} Nf5 {[%emt 0:00:30]} 16. Nxf5 {[%emt 0:00:30]} exf5 {[%emt 0:00:30]} 17. Bf3 {[%emt 0:00:30]} f6 {[%emt 0:00:30]} 18. exf6 {[%emt 0:00:30]} Rgf8 {[%emt 0:00:30]} 19. O-O {[%emt 0:00:30]} Rxf6 {[%emt 0:00:30]} 20. Re1 {[%emt 0:00:30]} Re8 {[%emt 0:00:30]} 21. Rxe8+ {[%emt 0:00:30]} Bxe8 {[%emt 0:00:30]} 22. a4 {[%emt 0:00:30]} Qe7 {[%emt 0:00:30]} 23. Kf2 {[%emt 0:00:30]} Re6 {[%emt 0:00:30]} 24. g3 {[%emt 0:00:30]} Re4 {[%emt 0:00:30]} 25. h4 {[%emt 0:00:30]} a6 {[%emt 0:00:30]} 26. h5 {[%emt 0:00:30]} Bf7 {[%emt 0:00:30]} 27. h6 {[%emt 0:00:30]} Bd5 {[%emt 0:00:30]} 28. Qf1 {[%emt 0:00:30]} d3 {[%emt 0:00:30]} 29. Qxd3 {[%emt 0:00:30]} Bc4 {[%emt 0:00:30]} 30. Qxc3 {[%emt 0:00:30]} Re2+ {[%emt 0:00:30]} 31. Kg1 {[%emt 0:00:30]} Qc5+ {[%emt 0:00:30]} 32. Kh1 {[%emt 0:00:30]} Qf2 {[%emt 0:00:30]} 33. Qh8+ {[%emt 0:00:30]} Nd8 {[%emt 0:00:30]} 34. Bxb7+ {[%emt 0:00:30]} Kc7 {[%emt 0:00:30]} 35. Qe5+ {[%emt 0:00:30]} Rxe5 {[%emt 0:00:30]} 36. fxe5 {[%emt 0:00:30]} Nxb7 {[%emt 0:00:30]} 0-1

[Event "Winter CCCSA-IM 2020"]
[Site "Charlotte"]
[Date "2020.01.19"]
[Round "5.4"]
[White "Martin Del Campo C., Roberto"]
[Black "Francisco, Richard"]
[Result "1/2-1/2"]
[WhiteElo "2322"]
[BlackElo "2256"]
[Annotator "TA"]
[PlyCount "113"]
[EventDate "2020.01.17"]
[EventType "tourn"]
[EventCountry "USA"]
[SourceTitle "playchess.com"]
[Source "ChessBase"]
[SourceQuality "1"]

{[%evp 20,113,52,26,36,42,43,33,130,131,130,134,153,114,111,108,119,114,147,56,60,31,31,31,37,7,110,115,110,117,109,105,106,116,112,73,73,73,74,73,110,82,111,108,161,161,185,47,47,47,48,48,200,214,790,749,1114,1116,1005,997,833,762,879,0,0,0,0,0,0,0,0,0,0,0,0,0,12851,27999,12851,12851,12851,-29973,-29974,-29951,-29974,-12851,0,0,0,0,0,0,0,0,0,0]} 1. e4 e5 2. Nf3 Nc6 3. Nc3 Nf6 4. d4 exd4 5. Nd5 Nxd5 6. exd5 Bb4+ 7. Bd2 Qe7+ 8. Qe2 Bxd2+ 9. Kxd2 Qxe2+ 10. Bxe2 Ne7 11. d6 cxd6 {C47: Scotch Four Knights and Four Knights with 4 g3} (11... Nc6 12. dxc7 d5 13. Bb5 Kd7 14. Rhe1 Kd6 15. Bxc6 bxc6 16. Nxd4 c5 17. Nb5+ Kc6 18. c4 dxc4 19. Na3 {½-½ (27) Bednar,J (2266)-Kekely,L (2071) Slovakia 2016}) 12. Nxd4 a6 13. Rhe1 O-O ({Black should try} 13... Kd8 $14) 14. Bf3 $16 Nc6 15. Nf5 Rb8 16. Nxd6 b5 17. Bd5 Nb4 $146 ({Predecessor:} 17... Bb7 18. Re3 Na5 19. Nxb7 Nxb7 {1-0 (39) Teran Abreu,L (2120)-Barrios,A Valera 2012}) 18. Bb3 $1 Rb6 {[#]} 19. Nxc8 (19. Nxf7 $1 $16 d5 20. c3) 19... Rxc8 $14 20. Re7 Rd6+ 21. Ke1 Nc6 22. Rxf7 Nd4 (22... Na5 $1 $11 23. Re7+ Nxb3 24. cxb3 Rc2) 23. Rd1 $16 {Rxd7+ is the strong threat.} Nxb3 24. Rxd6 Kxf7 25. cxb3 {[%mdl 4096] Endgame KR-KR} Ke7 26. Rxa6 Rc2 27. a4 {Threatens to win with Rb6.} Rxb2 28. axb5 Rxb3 29. Rb6 Rb2 30. Rb8 Ke6 31. b6 Ke5 (31... Kd5 $16 {keeps fighting.}) 32. b7 $18 {Hoping for Re8+.} Kd4 33. Rg8 (33. h4 $18) 33... Rxb7 $14 34. Rxg7 Kd3 {[%cal Rb7b1]} 35. f3 h6 $2 {[#]} (35... h5 $1 $14) 36. Rh7 $1 $18 Rb1+ $2 (36... Ke3 37. Re7+ Kf4) 37. Kf2 d5 38. Rxh6 Rb2+ 39. Kg3 d4 40. h4 Ke2 41. Kf4 $2 (41. Re6+ $18 Kf1 42. Rd6) 41... d3 $11 42. Re6+ Kf2 43. Rd6 Rb4+ 44. Kg5 Ke3 45. h5 {aiming for h6.} d2 46. Rxd2 Kxd2 $4 {[%mdl 8192] KR-K3P} (46... Rb5+ $11 47. Kg6 Rb6+ 48. Kg5 Rb5+ 49. Kg6 Kxd2) 47. f4 $18 Ke3 $2 {[%mdl 8192]} (47... Rb8 $11) 48. f5 Rb8 49. f6 Ke4 50. h6 $4 {[%mdl 8192]} (50. f7 $18 Ke5 51. h6) 50... Rg8+ 51. Kh5 Kf5 52. h7 Rxg2 $2 ({Less strong is} 52... Rh8 53. g4+ Kxf6 54. Kh6 $15) ({Better is} 52... Rb8 $19 53. f7 Kf6) 53. Kh6 $11 {Strongly threatening f7.The position is equal.} Rg6+ 54. Kh5 Rg1 {[%cal Rg1h1]} (54... Rg2 $5 55. Kh6 $8 Rh2+ 56. Kg7 Ke6 $11) 55. Kh6 {Black must now prevent f7.} Rg6+ 56. Kh5 Rg1 {[%cal Rg1h1]} (56... Rg2 $5 57. Kh6 $8 Rh2+ 58. Kg7 Ke6 $11) 57. Kh6 {Accuracy: White = 63%, Black = 40%.} 1/2-1/2

[Event "Winter CCCSA-IM 2020"]
[Site "Charlotte"]
[Date "2020.01.19"]
[Round "5.5"]
[White "Eswaran, Ashritha"]
[Black "Li, Eric"]
[Result "1/2-1/2"]
[WhiteElo "2252"]
[BlackElo "2195"]
[Annotator "ChessBase"]
[PlyCount "54"]
[EventDate "2020.01.17"]
[EventType "tourn"]
[EventCountry "USA"]
[SourceTitle "playchess.com"]
[Source "ChessBase"]
[SourceQuality "1"]
[TimeControl "5400+30"]

1. e4 {[%emt 1:30:30]} e5 {[%emt 1:30:30]} 2. Nf3 {[%emt 0:00:30]} Nc6 {[%emt 0:00:30]} 3. Bc4 {[%emt 0:00:30]} Bc5 {[%emt 0:00:30]} 4. d3 {[%emt 0:00:30]} Nf6 {[%emt 0:00:30]} 5. O-O {[%emt 0:00:30]} d6 {[%emt 0:00:30]} 6. c3 {[%emt 0:00:30]} a6 {[%emt 0:00:30]} 7. a4 {[%emt 0:00:30]} O-O {[%emt 0:00:30]} 8. Nbd2 {[%emt 0:00:30]} h6 {[%emt 0:00:30]} 9. h3 {[%emt 0:00:30]} Re8 {[%emt 0:00:30]} 10. Re1 {[%emt 0:00:30]} Be6 {[%emt 0:00:30]} 11. b4 {[%emt 0:00:30]} Ba7 {[%emt 0:00:30]} 12. Nf1 {[%emt 0:00:30]} Nxe4 {[%emt 0:00:30]} 13. Rxe4 {[%emt 0:00:30]} d5 {[%emt 0:00:30]} 14. Bxd5 {[%emt 0:00:30]} Bxd5 {[%emt 0:00:30]} 15. Re1 {[%emt 0:00:30]} e4 {[%emt 0:00:30]} 16. dxe4 {[%emt 0:00:30]} Bxe4 {[%emt 0:00:30]} 17. Be3 {[%emt 0:00:30]} Qxd1 {[%emt 0:00:30]} 18. Rexd1 {[%emt 0:00:30]} Bxe3 {[%emt 0:00:30]} 19. Nxe3 {[%emt 0:00:30]} Rad8 {[%emt 0:00:30]} 20. Nd2 {[%emt 0:00:30]} Bg6 {[%emt 0:00:30]} 21. Ndf1 {[%emt 0:00:30]} Kf8 {[%emt 0:00:30]} 22. f4 {[%emt 0:00:30]} Bd3 {[%emt 0:00:30]} 23. Kf2 {[%emt 0:00:30]} Ne7 {[%emt 0:00:30]} 24. Rd2 {[%emt 0:00:30]} Bxf1 {[%emt 0:00:30]} 25. Rxd8 {[%emt 0:00:30]} Rxd8 {[%emt 0:00:30]} 26. Rxf1 {[%emt 0:00:30]} f5 {[%emt 0:00:30]} 27. Ke2 {[%emt 0:00:30]} Kf7 {[%emt 0:00:30]} 1/2-1/2

[Event "Winter CCCSA-IM 2020"]
[Site "Charlotte"]
[Date "2020.01.19"]
[Round "6.1"]
[White "Berczes, David"]
[Black "Martin Del Campo C., Roberto"]
[Result "1-0"]
[WhiteElo "2433"]
[BlackElo "2322"]
[Annotator "RC"]
[PlyCount "31"]
[EventDate "2020.01.17"]
[EventType "tourn"]
[EventCountry "USA"]
[SourceTitle "playchess.com"]
[Source "ChessBase"]
[SourceQuality "1"]
[TimeControl "5400+30"]

1. Nf3 {[%emt 1:30:30]} Nf6 {[%emt 1:30:30]} 2. g3 {[%emt 0:00:30]} g6 {[%emt 0:00:30]} 3. Bg2 {[%emt 0:00:30]} Bg7 {[%emt 0:00:30]} 4. d4 {[%emt 0:00:30]} O-O {[%emt 0:00:30]} 5. c4 {[%emt 0:00:30]} d6 {[%emt 0:00:30]} 6. Nc3 {[%emt 0:00:30]} c6 {[%emt 0:00:30]} 7. O-O {[%emt 0:00:30]} Qa5 {[%emt 0:00:30]} 8. Bd2 {[%emt 0:00:30]} Qh5 {[%emt 0:00:30]} 9. Qb3 {[%emt 0:00:30]} e5 {[%emt 0:00:30]} 10. dxe5 {[%emt 0:00:30]} dxe5 {[%emt 0:00:30]} 11. Ng5 {[%emt 0:00:30]} h6 {[%emt 0:00:30]} 12. Nge4 {[%emt 0:00:30]} Na6 {[%emt 0:00:30]} 13. Rad1 {[%emt 0:00:30]} Nc7 {[%emt 0:00:30]} 14. Nxf6+ {[%emt 0:00:30]} Bxf6 {[%emt 0:00:30]} 15. Ne4 {[%emt 0:00:30]} Be7 {[%emt 0:00:30]} 16. Bb4 {[%emt 0:00:30]} 1-0

[Event "Winter CCCSA-IM 2020"]
[Site "Charlotte"]
[Date "2020.01.19"]
[Round "6.2"]
[White "Francisco, Richard"]
[Black "Eswaran, Ashritha"]
[Result "1/2-1/2"]
[WhiteElo "2256"]
[BlackElo "2252"]
[Annotator "TA"]
[PlyCount "88"]
[EventDate "2020.01.17"]
[EventType "tourn"]
[EventCountry "USA"]
[SourceTitle "playchess.com"]
[Source "ChessBase"]
[SourceQuality "1"]

{[%evp 17,88,38,53,51,68,56,66,60,72,68,57,31,40,20,38,21,66,4,9,4,47,38,59,63,62,66,77,70,97,58,131,127,126,65,53,13,10,2,8,11,52,8,14,22,23,15,28,32,35,25,22,20,25,0,0,0,0,0,0,0,0,0,0,0,0,0,0,0,0,0,0,0,0]} 1. c4 e5 2. g3 d6 3. Bg2 g6 4. Nc3 Bg7 5. e4 Ne7 6. Nge2 Nbc6 7. d3 Be6 8. Nd5 h6 9. O-O O-O 10. Be3 {A26: English Opening vs King's Indian with ...Nc6 and d3} f5 (10... Nd4 11. Nxd4 exd4 12. Bd2 Nxd5 13. cxd5 Bd7 14. Qb3 Qc8 15. Rac1 c5 16. dxc6 Bxc6 17. f4 Qe6 {1-0 (52) Mareco,S (2643)-Anand,N (2366) Cattolica 2019}) 11. Qd2 Kh7 12. b4 {[%cal Bb2b4,Bb4b5][%mdl 32] White is slightly better.} Qd7 13. b5 Nd8 $1 14. Rae1 $146 ({Predecessor:} 14. Rab1 c6 15. bxc6 bxc6 16. Nxe7 Qxe7 17. Rfc1 Qd7 {1-0 (42) Zhigalko,A (2318)-Partac,E (2220) Artek 2000}) 14... Ng8 15. f4 c6 16. Ndc3 Nf7 17. exf5 ({White should try} 17. g4 $14) 17... Bxf5 $11 18. d4 $36 {[%mdl 2048] White is pushing.} exf4 (18... Nf6 {is interesting.} 19. bxc6 bxc6 20. dxe5 dxe5 21. Qxd7 Nxd7 22. Bxc6 Rac8) 19. Nxf4 Ng5 20. bxc6 bxc6 21. d5 $1 {[%cal Rd5c6]} cxd5 22. Ncxd5 Rac8 23. h4 (23. Bd4 {with more complications.} Bxd4+ 24. Qxd4 Ne6 25. Nxe6 Bxe6 26. Rxf8 Rxf8 27. Rd1) 23... Nh3+ (23... Ne4 $14 24. Bxe4 Bxe4) 24. Nxh3 $16 Bxh3 25. Rxf8 (25. h5 $1 $16 {[%cal Rh5g6]} g5 26. Qd3+ Kh8 27. Bxh3 Qxh3 28. Bd4 (28. Bxa7 Rxf1+ 29. Rxf1 Rxc4 $11)) 25... Rxf8 $14 26. Bxh3 Qxh3 27. Qg2 Qg4 28. Bf4 Rb8 {[#] Strongly threatening ...Rb2.} 29. Re2 (29. Ne3 $5 {[%cal Re3g4]} Qe6 30. Qd5 $16) 29... Rb1+ 30. Kh2 Bd4 {Hoping for ...Bg1+.} 31. Ne3 Bxe3 32. Rxe3 Qd7 $1 {[#] ...Nf6 is the strong threat.} 33. Rb3 (33. Qe4 {seems wilder.} Rb2+ 34. Kg1 h5 35. Rb3 Rxb3 36. axb3 Ne7 37. Qd3) 33... Rxb3 34. axb3 {And now Qd5 would win.} Nf6 35. Qe2 Ng4+ {The position is equal.} 36. Kg1 h5 37. Qd2 Qf5 38. Qe1 Qc5+ 39. Kf1 d5 40. cxd5 Qxd5 41. Qe7+ Kg8 42. Qxa7 Qd1+ 43. Kg2 Qe2+ 44. Kg1 Qe1+ {Accuracy: White = 50%, Black = 44%.} 1/2-1/2